000 01017nam a2200277Ia 4500
001 Para_10333
003 CHAP
008 220125sOctu xx 000 0 und d
010 _a208988
040 _cCHAP
090 _aPA CD - TESIS 363
100 _aAcevedo Domínguez, Esmeralda
_9128721
245 _aComportamiento de variedades comerciales de trigo (Triticum aestivum L.) a la mancha de la hoja y gluma (Septoria nodorum Berk) /
_c Esmeralda Acevedo Domínguez; Director Santos Gerardo Leyva Mir
260 _aChapingo, Méx. :
_b el autor
300 _a1 CDS ROM (48 p.)
502 _aTesis (Ing. Agr. Esp. en Parasitología Agrícola). UACh. Departamento Parasitología Agrícola
700 _aLeyva Mir, Santos Gerardo. Director
_9171335
710 _aUACh Departamento Parasitología Agrícola
901 _aPA CD - TESIS 363
902 _aM
905 _a513220Octubre, 2014 abnm8100000000 06
910 _aOctu
942 _cPARA
942 _cPARA
_d2
999 _c208988
_d208988